Länder am Äquator - Statistiken

Allgemein
  • Dieses Quiz wurde 182 mal gespielt
  • Das Durchschnittsergebnis liegt bei 10 aus 11
Antwortstatistiken
Antwort % Korrekt
Ecuador
99%
Brasilien
97%
Demokratische Republik Kongo
96%
Indonesien
96%
Kolumbien
96%
Republik Kongo
96%
Kenia
90%
Uganda
81%
Somalia
79%
Gabun
78%
São Tomé und Príncipe
63%
Keine übereinstimmenden Quizze gefunden
Verteilung der Resultate
Anzahl Personen mit jedem Resultat
Perzentil nach korrekt beantworteten Fragen
Ihre Resultats-Entwicklung
Sie haben dieses Quiz noch nicht gespielt